Statistics for Movies By Clue #9

Click here to take the quiz!

General Stats

  • This quiz has been taken 875 times
  • The average score is 11 of 23

Answer Stats

HintAnswer% Correct
Tim Curry, Creepy Clowns, Stephen KingIt
81%
Pregnant Ellen Page, Michael Cera, MinnesotaJuno
76%
Brad Pitt, Wooden Horse, Orlando BloomTroy
72%
Elizabeth Taylor, Ancient Egypt, CaesarCleopatra
68%
Please Sir Can I Have Some More, 'Pick A Pocket Or Two', OrphanageOliver!
67%
You Can't Handle The Truth, Tom Cruise, US NavyA Few Good Men
65%
Hand Chopped Off, I Am Your Father, YodaStar Wars: The Empire Strikes Back
64%
You Shall Not Pass, Dark Riders, Mines Of MoriaLord Of The Rings: Fellowship Of The Ring
60%
Zombie Ed, The Winchester, Simon PeggShaun Of The Dead
57%
Ben Kingsley, India, Non-Violent ProtestGandhi
53%
Mr Blonde's Dance, Missing Ear, Stuck In The Middle With YouReservoir Dogs
52%
Mozart, Ridiculous Piano Playing, It Was God Laughing At MeAmadeus
47%
Adam Sandler, Crossdressing, Possibly The Worst Movie Of All TimeJack And Jill
46%
Hutus And Tutsis, Belgian Congo, Don CheadleHotel Rwanda
39%
Global Warming, Kevin Costner, Cost 40 Quarters On The SimpsonsWaterworld
39%
Idi Amin, James McAvoy, MutilationThe Last King Of Scotland
35%
For A Moment There I Thought We Were In Trouble, Paul Newman, Wild WestButch Cassidy And The Sundance Kid
29%
Wes Anderson, Monsieur Gustave, Fingers Chopped OffThe Grand Budapest Hotel
28%
'Everybody's Talkin', Dustin Hoffman, Male ProstitutionMidnight Cowboy
27%
Marlon Brando, Francis Bacon Paintings, Anonymous SexLast Tango In Paris
18%
Robert Redford, Grifting, Lucky DanThe Sting
18%
Eva Green, Jerusalem, SaladinKingdom Of Heaven
12%
Puyi, Peter O'Toole, Forbidden CityThe Last Emperor
10%

Score Distribution

Percentile by Number Answered

Percent of People with Each Score

Your Score History

You have not taken this quiz